000 00650nam a2200205Ia 4500
005 20260121110109.0
008 008 260114s9999 xx 000 0 hin d
020 _a9788132367178
037 _aEBOOK
040 _aCRL
_bhin
_cCRL
041 _ahin
_2hin
084 _qCRL
100 _aआदित्य यादव / Aditya Yadav
_9942015
245 0 _aस्पा प्रबंधन की कला / Spa Prabandhan Ki Kala
260 _bभाषा प्रकाशन / Bhasha Prakashan
_c2021
856 _uhttps://bhashaprakashan.com/product-details/379574
942 _cEBOOK
999 _c1533680
_d1533680